Loading...
| History - World | 0 | 4 | 1 | 0 | 35 | 58 | 89.00 | 0 | 1 | 5.80 | 19.70 |
| History - European | 0 | 3 | 0 | 0 | 30 | 31 | 75.00 | 0 | 0 | 8.47 | 14.85 |
| Philosophy | 0 | 3 | 0 | 0 | 30 | 74 | 87.00 | 0 | 0 | 6.38 | 17.68 |
| History - American | 0 | 2 | 0 | 0 | 20 | 68 | 74.50 | 0 | 0 | 6.06 | 4.29 |
| Geography | 0 | 2 | 0 | 0 | 20 | 96 | 101.00 | 0 | 0 | 0.71 | 22.86 |
| History - Other | 0 | 2 | 0 | 0 | 20 | 74 | 74.00 | 0 | 0 | 6.22 | 14.39 |
| Mythology | 0 | 2 | 1 | 0 | 15 | 96 | 100.50 | 0 | 0 | 2.96 | 6.28 |
| Science - Other | 0 | 1 | 0 | 0 | 10 | 96 | 96.00 | 0 | 0 | 1.23 | 6.06 |
| Current Events | 0 | 1 | 0 | 1 | 10 | 101 | 101.00 | 0 | 0 | 0.00 | 2.22 |
| Fine Arts - Other | 0 | 0 | 1 | 0 | -5 | 0.00 | 0 | 0 | 0.00 | 0.00 |